000 00361nam a2200145Ia 4500
008 230917s9999||||xx |||||||||||||| ||und||
040 _e59828
_aMAIN
041 _aEnglish
082 _a658.8 A23P
100 _aAnderson, B Robert
245 0 _aProfessional selling
260 _aEnglewood Cliffs
_bPrentice-Hall
_c1977
300 _aix, 356 p.
942 _cBK
999 _c180821
_d180821